|
|
|
|
| LEADER |
00000nam a2200000Ii 4500 |
| 001 |
DIGEDIUOC881 |
| 003 |
NyNyDIG |
| 006 |
m o d |
| 007 |
cr ||||||||||| |
| 008 |
220316s2016 sp a o 000 0 spa d |
| 035 |
|
|
|a (OCoLC)1319854266
|
| 040 |
|
|
|a DGITA
|b eng
|e rda
|e pn
|c DGITA
|
| 020 |
|
|
|a 9788491165989
|q eBook
|q pdf
|
| 020 |
|
|
|a 9788491165996
|q eBook
|q ePub
|
| 020 |
|
|
|z 9788491165453
|
| 043 |
|
|
|a e------
|
| 050 |
1 |
4 |
|a JV7590 ebook
|
| 082 |
0 |
4 |
|a 325.4
|
| 100 |
1 |
|
|a Savio, Irene L.,
|e author.
|
| 245 |
1 |
0 |
|a Mi nombre es Refugiado :
|b crónica de un exilio /
|c Irene L. Savio ; Leticia Álvarez Reguera ; prólogo de Rossend Domènech.
|
| 250 |
|
|
|a Primera edición digital.
|
| 264 |
|
1 |
|a Barcelona :
|b Editorial UOC,
|c [2016]
|
| 300 |
|
|
|a 1 online resource :
|b illustrations.
|
| 336 |
|
|
|a text
|b txt
|2 rdacontent
|
| 337 |
|
|
|a computer
|b c
|2 rdamedia
|
| 338 |
|
|
|a online resource
|b cr
|2 rdacarrier
|
| 347 |
|
|
|a text file
|2 rdaft
|
| 347 |
|
|
|b PDF
|
| 490 |
1 |
|
|a 360° reportajes
|
| 588 |
0 |
|
|a Online resource; title from PDF title page (Digitalia, viewed March 16, 2022)
|
| 650 |
|
0 |
|a Refugees
|z Europe.
|
| 651 |
|
0 |
|a Europe
|x Emigration and immigration
|x History.
|
| 655 |
|
0 |
|a Electronic books.
|
| 700 |
1 |
|
|a Álvarez Reguera, Leticia,
|e author.
|
| 700 |
1 |
|
|a Domènech, Rossend,
|e contributor agent of text.
|
| 791 |
2 |
|
|a Digitalia (Firm),
|e distributor.
|
| 793 |
0 |
|
|g Digitalia eBook Collection:
|a Universitat Oberta de Catalunya
|
| 776 |
0 |
8 |
|i Print version:
|a Savio, Irene L.
|t Mi nombre es Refugiado.
|b Primera edición en lengua castellana.
|d Barcelona : Editorial UOC, [2016]
|z 9788491165453
|
| 830 |
|
0 |
|a 360° reportajes ;
|v 29.
|
| 856 |
4 |
0 |
|3 Digitalia Hispánica
|u https://www.digitaliapublishing.com/a/47355/
|
| 910 |
|
|
|a Premium collection: 2022
|